| 000 | 00677nam a2200169 a 4500 | ||
|---|---|---|---|
| 003 | 0 | ||
| 005 | 20250527113141.0 | ||
| 008 | 021119s19uu xx 00 eng d | ||
| 050 |
_aPHS LB 3609 _b.C37 2002 |
||
| 100 | _aCariño, Aris. | ||
| 245 |
_aSocial concerns of college freshmen students of Ateneo de Manila University and the University of the Philippines / _cAris Cariño. |
||
| 260 |
_aLas Piñas City, Philippines : _bSouthville International School and Colleges, _c2002. |
||
| 300 |
_aunnumbered pages : _billustrations ; _c28 cm. |
||
| 650 |
_aCollege freshmen _zPhilippines _xSocial conditions. |
||
| 650 |
_aEducation _xSocial aspects _zPhilippines. |
||
| 942 |
_2lcc _cPASS |
||
| 999 |
_c96688 _d96688 |
||